Você sabe todas as músicas da Taylor Swift? - Statistics

Estatísticas Gerais
  • Esse quiz foi jogado 15 525 vezes
  • A pontuação média é 61 de 170
Estatísticas das Respostas
Resposta % Correto
Lover
85%
Red
85%
Fearless
82%
Speak Now
79%
cardigan
75%
ME!
75%
Blank Space
73%
Ours
70%
Style
70%
All Too Well
68%
Love Story
68%
You Belong With Me
68%
august
67%
Shake It Off
67%
Look What You Made Me Do
66%
...Ready For It?
65%
the 1
65%
Welcome To New York
63%
22
62%
betty
62%
Cruel Summer
62%
Delicate
62%
Our Song
62%
Bad Blood
61%
End Game
61%
Enchanted
58%
evermore
58%
Mine
58%
Picture To Burn
58%
Back To December
57%
Dear John
57%
Don't Blame Me
56%
Dress
55%
Getaway Car
55%
The Man
55%
willow
55%
Tim McGraw
54%
Wildest Dreams
54%
Daylight
53%
Gorgeous
53%
Long Live
53%
The Archer
53%
New Romantics
51%
I Did Something Bad
50%
Out Of The Woods
50%
Mean
49%
Clean
48%
exile
47%
Paper Rings
47%
Sparks Fly
47%
champagne problems
46%
Afterglow
45%
Better Than Revenge
45%
mirrorball
45%
New Year's Day
45%
Fifteen
44%
Invisible
44%
You Need To Calm Down
44%
Cornelia Street
43%
I Knew You Were Trouble.
43%
King Of My Heart
43%
seven
41%
State Of Grace
41%
Teardrops On My Guitar
41%
The Way I Loved You
41%
We Are Never Ever Getting Back Together
41%
Call It What You Want
40%
So It Goes...
40%
This Love
40%
White Horse
40%
my tears ricochet
39%
Wonderland
39%
hoax
38%
Last Kiss
38%
no body, no crime
38%
Haunted
37%
London Boy
37%
Miss Americana & The Heartbreak Prince
37%
marjorie
36%
the lakes
36%
The Story Of Us
36%
I Forgot That You Existed
35%
This Is Why We Can't Have Nice Things
35%
I Know Places
34%
peace
34%
this is me trying
34%
illicit affairs
33%
Stay Stay Stay
33%
Superman
33%
the last great american dynasty
33%
Dancing With Our Hands Tied
32%
False God
32%
gold rush
32%
invisible string
32%
Mr. Perfectly Fine
32%
tolerate it
32%
dorothea
31%
How You Get The Girl
30%
Innocent
30%
ivy
30%
Mary's Song
30%
You Are In Love
30%
All You Had To Do Was Stay
29%
mad woman
29%
I Think He Knows
28%
It's Nice To Have A Friend
27%
I Wish You Would
27%
cowboy like me
26%
epiphany
26%
Never Grow Up
26%
Cold As You
25%
Forever & Always
25%
Hey Stephen
25%
right where you left me
25%
Death By A Thousand Cuts
24%
Should've Said No
24%
Begin Again
23%
The Last Time
22%
coney island
21%
Ronan
21%
Soon You'll Get Better
21%
Treacherous
21%
A Place In This World
19%
Everything Has Changed
19%
happiness
19%
I Almost Do
19%
'tis the damn season
19%
Change
18%
closure
18%
Holy Ground
18%
it's time to go
18%
Stay Beautiful
18%
The Best Day
18%
Girl At Home
17%
If This Was A Movie
17%
long story short
17%
Starlight
17%
The Outside
17%
Breathe
16%
Come Back...Be Here
16%
The Lucky One
16%
I Don't Wanna Live Forever
15%
Jump Then Fall
15%
Sad Beautiful Tragic
15%
Superstar
15%
Tied Together With A Smile
15%
You're Not Sorry
15%
Bye Bye Baby
14%
I'm Only Me When I'm With You
14%
Safe & Sound
14%
Tell Me Why
14%
The Moment I Knew
14%
The Other Side Of The Door
14%
Don't You
13%
Untouchable
13%
A Perfectly Good Heart
12%
That's When
10%
Today Was A Fairytale
10%
Come In With The Rain
9%
We Were Happy
8%
You All Over Me
8%
Eyes Open
7%
Only The Young
7%
Crazier
6%
Christmas Tree Farm
5%
Beautiful Eyes
3%
Sweeter Than Fiction
3%
Beautiful Ghosts
2%
Christmas Must Be Something Else
0%
Christmas When You Were Here
0%
Nenhum quiz correspondente encontrado
Distribuição das Pontuações
Porcentagem de Pessoas com Cada Pontuação
Percentil de Números Respondidos
Sua Pontuação Histórica
Você não jogou esse quiz